Statistics for US States With Only One Area Code

Click here to take the quiz!

General Stats

  • This quiz has been taken 22 times
  • The average score is 10 of 11

Answer Stats

CodeAnswer% Correct
401Rhode Island
100%
603New Hampshire
95%
302Delaware
95%
207Maine
95%
802Vermont
95%
808Hawaii
95%
907Alaska
95%
605South Dakota
90%
701North Dakota
90%
307Wyoming
85%
406Montana
85%

Score Distribution

Percentile by Number Answered

Percent of People with Each Score

Your Score History

You have not taken this quiz